000 00430nam a2200181Ia 4500
001 9767
005 20260306161742.0
008 260306t1999||||xx |||||||||||||| ||spa||
041 _aESP
082 _a415
_bCH564
100 _aChomsky, Noam
_eAUT
245 0 _aAspectos de la teoría de la sintaxis
260 _c1999
300 _aliv, 262 páginas :
_c23 cm.
650 _aGEN
654 _aCED
942 _cLIB
_dJUS
_fJUS
_2ddc
_n
999 _c9767
_d9767